[Event "Let's Play Chess!"]
[Site "http://www.queenalice.com/game.php?id=773619"]
[Date "2010.5.11"]
[Round "-"]
[White "Idefix"]
[Black "pviaro"]
[Result "0-1"]
[WhiteElo "1888"]
[BlackElo "2044"]

1. e4 e5 2. Nf3 Nc6 3. Bb5 Nge7 4. c3 d5 5. O-O Bg4 6. Re1 a6 7. Ba4 Qd7 8. d4
b5 9. Bc2 g6 10. Bg5 exd4 11. Bf6 Rg8 12. cxd4 Bg7 13. e5 Nf5 14. Bxf5 gxf5 15.
Re3 Bh6 16. Rc3 Qe6 17. a3 f4 18. Qd3 Bf5 19. Qe2 Kd7 20. Nbd2 Bh3 21. Ne1 Bg4
22. Qd3 Bf5 23. Qf1 Nxd4 24. Nb3 Nxb3 25. Rxb3 d4 26. Rb4 c5 27. Nf3 Qd5 28. Rd1
Qxf3 29. Rbxd4+ cxd4 30. Rxd4+ Ke8 31. Kh1 Qb7 32. f3 Rc8 33. Qd1 Qc7 0-1

[Event "Let's Play Chess!"]
[Site "http://www.queenalice.com/game.php?id=773621"]
[Date "2010.5.10"]
[Round "-"]
[White "Idefix"]
[Black "otto"]
[Result "0-1"]
[WhiteElo "1896"]
[BlackElo "2362"]

1. e4 e6 2. d4 d5 3. Nd2 c5 4. c3 cxd4 5. cxd4 dxe4 6. Nxe4 Bb4+ 7. Nc3 Nf6 8.
Bg5 Nc6 9. Nf3 h6 10. Bh4 Qa5 11. Bxf6 Bxc3+ 12. bxc3 Qxc3+ 13. Nd2 gxf6 14. Bb5
Bd7 15. O-O Qxd4 16. Qe2 a6 17. Bc4 Ne7 18. Rad1 Bc6 19. Qh5 Rg8 20. g3 Ng6 21.
Rfe1 O-O-O 22. Bf1 Qd5 23. Qxd5 Bxd5 24. Nb3 Kb8 25. Rb1 Rc8 26. Bg2 Bxg2 27.
Kxg2 Nf4+ 28. Kf1 Nd5 29. f4 Rc2 30. Re2 Rxe2 0-1

[Event "Let's Play Chess!"]
[Site "http://www.queenalice.com/game.php?id=794872"]
[Date "2010.6.26"]
[Round "-"]
[White "Idefix"]
[Black "bienopia"]
[Result "1-0"]
[WhiteElo "1878"]
[BlackElo "1840"]

1. e4 a6 2. f4 c6 3. Nf3 d5 4. exd5 cxd5 5. d4 h6 6. Nc3 Bg4 7. Be2 e6 8. O-O
Bb4 9. Ne5 Bxe2 10. Qxe2 Nc6 11. Be3 Nge7 12. Rad1 Nf5 13. Bf2 O-O 14. g4 Nd6
15. Kh1 Bxc3 16. bxc3 Nc4 17. Rg1 Qe8 18. g5 hxg5 19. fxg5 N6xe5 20. dxe5 Qc6
21. Rd4 g6 22. Rg3 Kg7 23. Qf3 Nxe5 24. Qf6+ 1-0

[Event "Let's Play Chess!"]
[Site "http://www.queenalice.com/game.php?id=794876"]
[Date "2010.6.26"]
[Round "-"]
[White "rocha"]
[Black "Idefix"]
[Result "0-1"]
[WhiteElo "1633"]
[BlackElo "1895"]

1. e4 e5 2. Bc4 Nf6 3. f3 Nxe4 4. g3 Nf6 5. Qe2 Nc6 6. c3 Be7 7. b4 d5 8. Bb3
O-O 9. d3 e4 10. dxe4 dxe4 11. fxe4 Re8 12. Qc4 Ne5 13. Qe2 Bg4 14. Qe3 Nd3+ 15.
Kd2 Nf2+ 16. Kc2 Nxh1 17. Ba3 Bxb4 18. Bxb4 Rxe4 19. Qd2 Qe8 20. Bc5 Rd8 21. Bd4
Bf5 22. Kb2 c5 23. Qg2 cxd4 24. Qxh1 Re1 25. Qxb7 dxc3+ 26. Nxc3 Rd2+ 27. Bc2
Rxc2+ 28. Ka3 Rxa1 29. Qxa7 Rxc3+ 30. Kb4 Qe1 31. Kb5 Rb1+ 32. Ka4 Bd7+ 0-1

[Event "Let's Play Chess!"]
[Site "http://www.queenalice.com/game.php?id=794877"]
[Date "2010.6.26"]
[Round "-"]
[White "Idefix"]
[Black "bienopia"]
[Result "0-1"]
[WhiteElo "1912"]
[BlackElo "1854"]

1. e4 a6 2. d4 h6 3. c4 c6 4. Nc3 e6 5. Be3 d5 6. Nf3 Bb4 7. Qc2 Ne7 8. a3 Ba5
9. b4 Bc7 10. e5 Bb6 11. Rc1 Ba7 12. cxd5 cxd5 13. Bd3 Nbc6 14. O-O b5 15. Ne2
Bd7 16. Ng3 g6 17. Qd2 Qc7 18. Rc3 Nf5 19. Rfc1 Qb7 20. Nf1 Nfxd4 21. Bxd4 Bxd4
22. Nxd4 Nxd4 23. Bxg6 Qb6 24. Bh5 Nc6 25. Qf4 O-O-O 26. R1c2 Rdf8 27. Qc1 Kb7
28. Bf3 Rc8 29. Nd2 Nd4 30. Rxc8 Bxc8 31. Rc5 Bd7 0-1

[Event "Let's Play Chess!"]
[Site "http://www.queenalice.com/game.php?id=794878"]
[Date "2010.6.25"]
[Round "-"]
[White "arkadiusz42"]
[Black "Idefix"]
[Result "0-1"]
[WhiteElo "1577"]
[BlackElo "1892"]

1. e4 c5 2. c4 Nc6 3. a3 Nf6 4. Nc3 e6 5. e5 Nxe5 6. f4 Nc6 7. Nf3 d5 8. Qe2 Be7
9. d3 O-O 10. f5 exf5 11. Be3 d4 12. Nd5 dxe3 13. Nxf6+ Bxf6 14. g3 Bd4 15. Bh3
Qa5+ 16. Kf1 f4 17. Ng5 Bxh3+ 18. Nxh3 f3 19. Qxf3 Ne5 20. Qe4 Qd2 21. Re1 Nxd3
22. Re2 Qd1+ 23. Kg2 Qxe2+ 24. Kg1 Nf2 25. Nf4 Qe1+ 26. Kg2 Qxh1# 0-1

[Event "Let's Play Chess!"]
[Site "http://www.queenalice.com/game.php?id=811225"]
[Date "2010.7.31"]
[Round "-"]
[White "carlospianist"]
[Black "Idefix"]
[Result "1-0"]
[WhiteElo "1200"]
[BlackElo "1881"]

1. e4 Nf6 2. Nc3 Nc6 3. Nf3 e5 4. Bb5 b6 5. d4 Nxd4 6. Nxd4 exd4 7. Qxd4 Bc5 8.
Qd1 O-O 9. O-O c6 10. Bd3 d5 11. Bg5 h6 12. Bh4 Be7 13. Re1 d4 14. e5 dxc3 15.
exf6 1-0

[Event "Let's Play Chess!"]
[Site "http://www.queenalice.com/game.php?id=811226"]
[Date "2010.7.31"]
[Round "-"]
[White "plonius"]
[Black "Idefix"]
[Result "1-0"]
[WhiteElo "2410"]
[BlackElo "1894"]

1. d4 Nf6 2. Nf3 e6 3. Nc3 d5 4. Qd3 a6 5. e4 c6 6. Be2 dxe4 7. Nxe4 Nbd7 8. O-O
Be7 9. Nxf6+ Nxf6 10. Ne5 Qc7 11. Bf4 Nd5 12. Bg3 Bd6 13. c4 Nb4 14. Qd2 c5 15.
Nxf7 Kxf7 16. dxc5 Bxg3 17. fxg3+ Kg8 18. Qxb4 1-0

[Event "Let's Play Chess!"]
[Site "http://www.queenalice.com/game.php?id=811227"]
[Date "2010.7.31"]
[Round "-"]
[White "minusel"]
[Black "Idefix"]
[Result "1-0"]
[WhiteElo "2012"]
[BlackElo "1892"]

1. e4 c5 2. b3 d5 3. exd5 Qxd5 4. Nc3 Qd8 5. Bc4 Nf6 6. Bb2 e6 7. Nge2 Nc6 8.
O-O Be7 9. Ng3 O-O 10. Nce4 b6 11. Nxf6+ Bxf6 12. Bxf6 Qxf6 13. Ne4 Qe7 14. f4
Bb7 15. Bd3 Rad8 16. Qh5 h6 17. Rf3 Rd5 18. Ng5 Nd4 19. Rg3 Nf5 20. Rh3 g6 21.
Qg4 hxg5 22. fxg5 Rd4 23. Qe2 Qxg5 24. Rh8+ 1-0

[Event "Let's Play Chess!"]
[Site "http://www.queenalice.com/game.php?id=811228"]
[Date "2010.7.31"]
[Round "-"]
[White "lafasouza"]
[Black "Idefix"]
[Result "0-1"]
[WhiteElo "1744"]
[BlackElo "1892"]

1. e4 e5 2. Nc3 Nf6 3. Nf3 Nc6 4. Bd3 a6 5. a3 Bc5 6. b4 Bd4 7. Nxd4 Nxd4 8. Nd5
c6 9. Nxf6+ Qxf6 10. c3 Ne6 11. Bc4 b5 12. Bxe6 Qxe6 13. O-O d5 14. exd5 cxd5
15. Re1 O-O 16. d4 e4 17. a4 Bd7 18. axb5 Bxb5 19. f3 f5 20. fxe4 fxe4 21. Be3
Rac8 22. Qd2 Qg6 23. g3 Rf3 24. Rac1 h6 25. Qa2 Bc4 26. Qg2 Qg4 27. Ra1 Rcf8 28.
h3 Qxg3 29. Qxg3 Rxg3+ 30. Kh2 Rff3 31. Rg1 Rxh3+ 32. Kg2 Rxe3 33. Rac1 Rxc3 34.
Rxc3 Rxc3 35. Rh1 Rd3 36. Kf2 Rf3+ 37. Kg1 e3 38. Kg2 Rf7 39. Re1 e2 40. Kh2 Rf1
41. Rxe2 Bxe2 42. Kg2 Rb1 43. Kf2 Rxb4 44. Kxe2 a5 45. Kd3 a4 46. Kc3 Rb8 47.
Kd3 a3 48. Kc2 a2 49. Kc1 a1=Q+ 0-1

[Event "obelix I"]
[Site "http://www.queenalice.com/game.php?id=828955"]
[Date "2010.9.6"]
[Round "-"]
[White "Idefix"]
[Black "oirelaw"]
[Result "1-0"]
[WhiteElo "1881"]
[BlackElo "1754"]

1. e4 e5 2. Nf3 Nc6 3. Bb5 a6 4. Ba4 Nf6 5. O-O h6 6. d4 exd4 7. e5 Ne4 8. Nxd4
Nc5 9. Bxc6 dxc6 10. Be3 Na4 11. b3 Nb6 12. c4 Bc5 13. e6 Bxe6 14. Nxe6 Qxd1 15.
Nxc7+ Kd7 16. Rxd1+ Kxc7 17. Bxc5 Rhe8 18. Bd6+ Kd7 19. Bg3+ Kc8 20. Nc3 Nd7 21.
Re1 Rd8 22. Ne4 Nf8 23. Nd6+ Kb8 24. Nxf7+ Ka7 25. Nxd8 Rxd8 26. Rad1 Rc8 27. f3
Ne6 28. Rxe6 1-0

[Event "Let's Play Chess!"]
[Site "http://www.queenalice.com/game.php?id=842621"]
[Date "2010.10.7"]
[Round "-"]
[White "Idefix"]
[Black "ykiraz"]
[Result "1-0"]
[WhiteElo "1911"]
[BlackElo "1219"]

1. c4 d5 2. cxd5 Qxd5 3. Nc3 Qf5 4. e4 Qe5 5. d4 Qa5 6. Bd2 Nf6 7. e5 Ng4 8. h3
Nh6 9. Ne4 Qd5 10. Bxh6 Qxe4+ 11. Be3 Nc6 12. Nf3 Nb4 13. Qa4+ Nc6 14. Rd1 e6
15. Bb5 Bd7 16. O-O a6 17. Rfe1 Kd8 18. Bg5+ Kc8 19. Rxe4 Bb4 20. a3 1-0

[Event "Let's Play Chess!"]
[Site "http://www.queenalice.com/game.php?id=842622"]
[Date "2010.10.7"]
[Round "-"]
[White "Scharlatan"]
[Black "Idefix"]
[Result "1-0"]
[WhiteElo "1868"]
[BlackElo "1892"]

1. e4 c5 2. Nf3 d6 3. d4 cxd4 4. Nxd4 Nf6 5. Nc3 a6 6. f3 e6 7. Be3 Be7 8. Qd2
Qc7 9. g4 Nc6 10. O-O-O Nxd4 11. Qxd4 e5 12. Qa4+ Bd7 13. Bb5 O-O 14. Bxd7 Nxd7
15. Nd5 Qd8 16. Qb3 b5 17. Kb1 Re8 18. h4 Bf8 19. h5 Nc5 20. Qc3 Rc8 21. Qd2 h6
22. g5 Ne6 23. gxh6 gxh6 24. Bxh6 Kh7 25. Bxf8 Rxf8 26. Qh2 Kh6 27. c3 Rg8 28.
Qd2+ Kh7 29. Ne3 Qg5 30. Nf5 Rcd8 31. Qxg5 Nxg5 32. Rhf1 Rd7 33. Rxd6 Rgd8 34.
Rxd7 Rxd7 35. Kc2 Nh3 36. Rd1 1-0

[Event "Let's Play Chess!"]
[Site "http://www.queenalice.com/game.php?id=842623"]
[Date "2010.10.6"]
[Round "-"]
[White "Idefix"]
[Black "kinghenry"]
[Result "1-0"]
[WhiteElo "1902"]
[BlackElo "1717"]

1. e4 b6 2. d4 h6 3. c4 Nf6 4. e5 Ne4 5. Nf3 d5 6. Bd3 Bb7 7. Nc3 e6 8. O-O Nxc3
9. bxc3 Be7 10. cxd5 Qxd5 11. c4 Qc6 12. Re1 Qd7 13. Bb2 Na6 14. a3 g5 15. d5
Rd8 16. Nd4 Nc5 17. Bc2 exd5 18. e6 Nxe6 19. Nxe6 fxe6 20. Qh5+ Kf8 21. Bxh8 Qe8
22. Qxh6+ Kg8 23. Qg7# 1-0

[Event "Let's Play Chess!"]
[Site "http://www.queenalice.com/game.php?id=842627"]
[Date "2010.10.7"]
[Round "-"]
[White "Scharlatan"]
[Black "Idefix"]
[Result "1-0"]
[WhiteElo "1849"]
[BlackElo "1913"]

1. e4 e5 2. d4 exd4 3. c3 d5 4. cxd4 dxe4 5. Bc4 Bf5 6. Nc3 Nf6 7. Nge2 Be7 8.
O-O O-O 9. Ng3 Bg6 10. Re1 c6 11. Ncxe4 Nbd7 12. d5 cxd5 13. Nxf6+ Nxf6 14. Bb3
Bc5 15. h3 Qb6 16. Be3 d4 17. Bg5 h6 18. Bf4 Rad8 19. Rc1 Nd5 20. Be5 Nb4 21.
Qf3 Nd3 22. Nf5 Nxe1 23. Rxe1 Qb4 24. Re4 Qb6 25. Rh4 d3 26. Nxh6+ gxh6 27. Rxh6
Bh7 28. Qg4+ 1-0

[Event "Let's Play Chess!"]
[Site "http://www.queenalice.com/game.php?id=857326"]
[Date "2010.11.15"]
[Round "-"]
[White "Idefix"]
[Black "Killersugus"]
[Result "1-0"]
[WhiteElo "1875"]
[BlackElo "2078"]

1. e4 e6 2. d4 d5 3. Nd2 Nf6 4. e5 Nfd7 5. f4 c5 6. c3 f5 7. Ndf3 b6 8. Ng5 Qe7
9. N1h3 g6 10. g4 h6 11. gxf5 hxg5 12. f6 Qh7 13. Be3 gxf4 14. Bxf4 Bh6 15. Qd2
Bxf4 16. Qxf4 Qh4+ 17. Qxh4 Rxh4 18. Ng5 Nf8 19. O-O-O Bd7 20. h3 Nc6 21. Bg2
cxd4 22. Nf3 Rh6 23. cxd4 Rc8 24. Kb1 Nb4 25. Rc1 Rxc1+ 26. Rxc1 Kd8 27. Rc3 Nc6
28. Ng5 Be8 29. Rxc6 Rxh3 30. Rd6+ 1-0

[Event "Let's Play Chess!"]
[Site "http://www.queenalice.com/game.php?id=857327"]
[Date "2010.11.12"]
[Round "-"]
[White "Thomas_A_Anderson"]
[Black "Idefix"]
[Result "1-0"]
[WhiteElo "2562"]
[BlackElo "1894"]

1. e4 e5 2. Nf3 Nc6 3. Bb5 a6 4. Ba4 Nf6 5. O-O Be7 6. Re1 b5 7. Bb3 O-O 8. h3
d5 9. exd5 Nxd5 10. Nxe5 Nxe5 11. Rxe5 c6 12. Re1 Bb7 13. Nc3 Nf4 14. d3 Bd6 15.
Ne4 c5 16. Bxf4 Bxf4 17. Nxc5 Bc6 18. Qg4 Bc7 19. Ne6 Qd6 20. Qxg7# 1-0

[Event "Let's Play Chess!"]
[Site "http://www.queenalice.com/game.php?id=875435"]
[Date "2010.12.23"]
[Round "-"]
[White "Idefix"]
[Black "kisses"]
[Result "1-0"]
[WhiteElo "1899"]
[BlackElo "1117"]

1. c4 e6 2. d4 d5 3. Nc3 dxc4 4. e4 Nc6 5. Nf3 a6 6. a4 Be7 7. Bxc4 Bf6 8. Be3
Nge7 9. O-O Na5 10. Ba2 Nec6 11. d5 exd5 12. exd5 Nb4 13. Bb1 O-O 14. Bc5 Be7
15. Bxe7 Qxe7 16. Re1 Qd6 17. Be4 Bd7 18. Ng5 h6 19. Qh5 f5 20. Ne6 Bxe6 21.
dxe6 Qxe6 22. Bd5 1-0

[Event "Let's Play Chess!"]
[Site "http://www.queenalice.com/game.php?id=875436"]
[Date "2010.12.26"]
[Round "-"]
[White "Larbac"]
[Black "Idefix"]
[Result "0-1"]
[WhiteElo "2003"]
[BlackElo "1901"]

1. e4 c5 2. Nf3 d6 3. d4 cxd4 4. Nxd4 Nf6 5. Nc3 a6 6. Be2 e6 7. O-O Be7 8. f4
Qc7 9. Kh1 b5 10. a3 Bb7 11. Bd3 Nbd7 12. Re1 e5 13. fxe5 dxe5 14. Nf5 Bf8 15.
Bd2 g6 16. Nh6 Bg7 17. b4 Nb6 18. Qf3 O-O-O 19. g4 Rhf8 20. Bg5 Rd6 21. Qg3 Qxc3
22. Qf2 Nxe4 23. Bxe4 Bxe4+ 24. Kg1 Qf3 25. Qxf3 Bxf3 26. Rf1 e4 27. Be3 Nc4 28.
Bf4 Bd4+ 0-1

[Event "Let's Play Chess!"]
[Site "http://www.queenalice.com/game.php?id=875437"]
[Date "2010.12.23"]
[Round "-"]
[White "Idefix"]
[Black "Killersugus"]
[Result "0-1"]
[WhiteElo "1921"]
[BlackElo "2052"]

1. c4 c6 2. g3 d5 3. Bg2 Nf6 4. cxd5 cxd5 5. d4 Nc6 6. Nf3 Bf5 7. O-O e6 8. Nc3
h6 9. Nd2 Nxd4 10. e4 dxe4 11. Ndxe4 Nxe4 12. Nxe4 Nc6 13. Qa4 Qc7 14. Rd1 Bxe4
15. Bxe4 Bd6 16. Rxd6 Qxd6 17. Bf4 e5 18. Rd1 Qc7 19. Bxe5 Qxe5 20. Bxc6+ Kf8
21. Bxb7 Rb8 22. Rd7 g5 23. Qxa7 Kg7 24. Bd5 Rhf8 25. Rxf7+ Rxf7 26. Qxf7+ Kh8
27. b3 Rd8 28. Bc4 Rd1+ 29. Kg2 Qe4+ 30. f3 Rd2+ 0-1

[Event "Let's Play Chess!"]
[Site "http://www.queenalice.com/game.php?id=875438"]
[Date "2010.12.25"]
[Round "-"]
[White "kaspreta"]
[Black "Idefix"]
[Result "1-0"]
[WhiteElo "2320"]
[BlackElo "1910"]

1. e4 e5 2. Nf3 Nc6 3. Bc4 Nf6 4. d3 Be7 5. Nc3 O-O 6. a4 d6 7. Ng5 Bg4 8. f3
Bh5 9. h4 h6 10. Bd2 Nd4 11. Kf2 c6 12. Ba2 Bg6 13. Nh3 d5 14. g4 Qb6 15. Kg2
Rad8 16. Qc1 Nxf3 17. Kxf3 dxe4+ 18. Nxe4 Nxe4 19. dxe4 Qd4 20. Be3 Bxe4+ 21.
Kg3 Qd6 22. Rf1 c5 23. Rf2 Qc7 24. Qf1 Bd6 25. Rd1 Bc6 26. g5 e4+ 27. Kg2 Qe7
28. gxh6 g6 29. Ng5 Be8 30. Bxf7+ Bxf7 31. h7+ Kg7 32. Rxf7+ Rxf7 33. Nxf7 Qxf7
34. Bh6+ 1-0

[Event "Let's Play Chess!"]
[Site "http://www.queenalice.com/game.php?id=893033"]
[Date "2011.1.30"]
[Round "-"]
[White "bonow"]
[Black "Idefix"]
[Result "1-0"]
[WhiteElo "2133"]
[BlackElo "1908"]

1. d4 Nf6 2. c4 e6 3. Nc3 b6 4. Nf3 Ba6 5. e3 Bb4 6. Bd2 O-O 7. Qa4 Bxc3 8. Bxc3
d5 9. O-O-O Qd7 10. Qxd7 Nbxd7 11. cxd5 Bxf1 12. Rhxf1 Nxd5 13. e4 Nxc3 14. bxc3
Nf6 15. e5 Nd5 16. c4 Nb4 17. Rd2 c6 18. a3 Na6 19. Kb2 Rad8 20. Re1 Nc7 21.
Rdd1 h6 22. a4 Rb8 23. Kc2 Rfd8 24. Ra1 c5 25. Rad1 cxd4 26. Nxd4 Na6 27. Nc6
Rxd1 28. Rxd1 Rc8 29. Ne7+ 1-0